00630cam a2200181 a 4500020001700000040000800017082002600025100002200051245002800073250001200101260013700113300003300250500002000283520009500303650001400398650001500412700002100427 a0027545210 : cDLC00a567 MAX 1991 A025 Or.1 aLauber, Patricia.10aLiving with dinosaurs / a1st ed. aNew York :bBradbury Press ;aToronto :bCollier Macmillan Canada ;aNew York :bMaxwell Macmillan International Pub. Group,cc1991. a46 p. :bcol. ill. ;c28 cm. aIncludes index. aRecreates life among the dinosaurs living in North America seventy-five million years ago. 0aDinosaurs 1aDinosaurs.1 aHenderson, Doug,